Cortes de Carne en Chile - Estadísticas

Estadísticas generales
  • Esta prueba ha sido intentada 46 veces
  • La puntuación promedio es 8 de 20
Respuestas en el mapa
Las respuestas están codificadas por una escala verde-roja en el mapa de la prueba según el % correcto abajo.
 
Estadísticas de respuestas
Respuesta % Correcto
lomo liso
77%
lomo vetado
77%
huachalomo
68%
filete
55%
posta rosada
55%
osobuco
45%
posta negra
45%
posta paleta
45%
tapapecho
42%
choclillo
39%
tapabarriga
29%
plateada
26%
sobrecostilla
26%
asado carnicero
23%
malaya
23%
palanca
23%
punta de ganso
23%
pollo ganso
16%
lagarto
10%
asiento picana
6%
No se encontraron pruebas coincidentes
Distribución de puntuación
Porcentaje de gente con cada puntuación
Porcentaje por número respondido
Historial de tus puntuaciones
No has intentado esta prueba.